| 000 | 00585cam a22002411 4500 | ||
|---|---|---|---|
| 001 | 7983921 | ||
| 005 | 20171226082125.0 | ||
| 008 | 720829s1964 nyu b 000 0 eng | ||
| 010 | _a 64005431 | ||
| 035 | _a(OCoLC)394288 | ||
| 040 |
_aDLC _cOYU _dOCoLC _dDLC |
||
| 041 | _aeng | ||
| 042 | _apremarc | ||
| 080 | _a159.9 | ||
| 082 | _a159.9 | ||
| 100 | _a48 | ||
| 101 | _aPSI | ||
| 245 | 0 | 0 | _aReport. |
| 504 | _aBibliography: p. 45-47. | ||
| 740 | 0 | _aGroup treatment in family service agencies. | |
| 906 |
_a7 _bcbc _coclcrpl _du _encip _f19 _gy-gencatlg |
||
| 942 |
_2ddc _cBK |
||
| 999 |
_c39417 _d39417 |
||